000 00677nam a2200253 i 4500
001 C2-0285006
003 PPAK
005 20180728014746.0
008 071217s2003 enk |||| ||||| | eng d
020 _a0340924586
040 _aPPAK
_beng
_cPPAK
_erda
082 0 4 _a650.1
_223
090 0 0 _a650.1
_bLUN
_dRLCK
100 1 _aLundin, Stephen C,
_eauthor
245 1 0 _aFish omnibus
250 _aspecial edition
264 1 _aLondon :
_bHodder and Stoughton ,
_c2003
300 _aviii., 120 pages ;
_c20 cm
336 _2rdacontent
_atext
337 _2rdamedia
_aunmediated
338 _2rdacarrier
_avolume
650 1 0 _aPersonal success in business
942 _ddc
_cB
999 _c90927
_d90927